LEADER 01057cam0-2200385---450- 001 990005881750403321 005 20141106104358.0 010 $a88-339-1098-9 035 $a000588175 035 $aFED01000588175 035 $a(Aleph)000588175FED01 035 $a000588175 100 $a20000421d1998----km-y0itay50------ba 101 1 $aita 102 $aIT 105 $ay-------001yy 200 1 $a<>Olocausto$fWolfgang Benz 210 $aTorino$cBollati Boringhieri$d1998 215 $a125$d20 cm 225 1 $aTemi$v78 454 0$12001$a<> Holocaust$913496 610 0 $aEbrei$aPersecuzioni$aGermania$a1933-1945 610 0 $aOlocausto 676 $a940.5318 700 1$aBenz,$bWolfgang$f<1941- >$0216043 801 0$aIT$bUNINA$gRICA$2UNIMARC 901 $aBK 912 $a990005881750403321 952 $a940.531 BEN 1 BIS$bBibl.30987$fFLFBC 952 $aCollez. 1219 (78)$b43972$fFSPBC 952 $a940.531 BEN 1$bBibl.30531$fFLFBC 959 $aFLFBC 959 $aFSPBC 996 $aHolocaust$913496 997 $aUNINA LEADER 01288nam0-2200421-i-450 001 990008134810403321 005 20180706092251.0 010 $a88-15-10272-8 035 $a000813481 035 $aFED01000813481 035 $a(Aleph)000813481FED01 035 $a000813481 100 $a20050622d2005----km-y0itay50------ba 101 1 $aita$ceng 102 $aIT 105 $aa-------001cy 200 1 $aFondamenti di teoria sociale$fJames S. Coleman$gintroduzione di Carlo Trigilia$gtraduzione di Gabriele Ballarino 210 $aBologna$cil Mulino$dİ2005 215 $a756 p.$cill.$d22 cm 225 1 $aCollezione di testi e di studi$iSociologia 300 $aContiene bibl. (pp. 723-756) 454 0$12001$aFoundations of social theory$9472690 610 0 $aScienze sociali$aTeoria 610 0 $aSociologia$aTeoria 676 $a301.01$v21$zita 676 $a300.1$v21$zita 700 1$aColeman,$bJames Samuel$a<1926- >$0118223 702 1$aTrigilia,$bCarlo 801 0$aIT$bUNINA$gRICA$2UNIMARC 901 $aBK 912 $a990008134810403321 952 $a301.01 COL 3$b2823$fBFS 952 $a301.01 COL 3BIS$b3035$fBFS 952 $aDP VII-484$fDEC 959 $aBFS 959 $aDEC 996 $aFoundations of social theory$9472690 997 $aUNINA